000
00298nam a22001337a 4500
008
210225b ||||| |||| 00| 0 eng d
020
_a
2901285453544
041
_a
eng
080
_2
15th
_a
330.101.541
100
_a
52
101
_a
MAKRO
245
_a
Macroeconomics
_c
Gwartney
942
_2
udc
_c
BK
999
_c
55187
_d
55187